LEADER 01551nam 2200385 n 450 001 996390042903316 005 20200824120734.0 035 $a(CKB)4940000000101151 035 $a(EEBO)2240939009 035 $a(UnM)99837006e 035 $a(UnM)99837006 035 $a(EXLCZ)994940000000101151 100 $a19900925d1607 uy | 101 0 $aeng 135 $aurbn||||a|bb| 200 10$aGods vvarning to his people of England$b[electronic resource] $eBy the great ouer-flowing of the vvaters or floudes lately hapned in South-wales and many other places. Wherein is described the great losses, and wonderfull damages, that hapned thereby: by the drowning of many townes and villages, to the vtter vndooing of many thousandes of people 210 $aAt London $cPrinted [by R. Blower] for W. Barley, and Io. Bayly, and are to besolde [sic] in Gratious street$d1607 215 $a15, [1] p 300 $aBy William Jones. 300 $aPrinter's name from STC. 300 $aIn this edition, the title page has a woodcut of a ship; the verso is blank. 300 $aReproduction of the original in the Henry E. Huntington Library and Art Gallery. 330 $aeebo-0113 606 $aFloods$zWales$vEarly works to 1800 615 0$aFloods 700 $aJones$b William$cof Usk.$0346575 801 0$bCu-RivES 801 1$bCu-RivES 801 2$bUk-ES 801 2$bCStRLIN 801 2$bWaOLN 906 $aBOOK 912 $a996390042903316 996 $aGods vvarning to his people of England$92369959 997 $aUNISA LEADER 01481nam 2200385Ia 450 001 996395777203316 005 20221108103246.0 035 $a(CKB)4330000000327321 035 $a(EEBO)2248523593 035 $a(OCoLC)11950211 035 $a(EXLCZ)994330000000327321 100 $a19850423d1700 uy | 101 0 $aeng 135 $aurbn||||a|bb| 200 12$aA discourse of the nature and necessity of faith in Jesus Christ$b[electronic resource] $ewith an answer to the pleas of our modern Unitarians for the sufficiency of bare morality or meer charity to salvation. /$fby Nathanael Taylor 210 $aLondon $cPrinted by R.R. for John Lawrence ..., and Thomas Cockerill ...$d1700 215 $a[4], xiv, [6], 254, [2] p 300 $aRunning title: A discourse of faith in Jesus Christ. 300 $aAdvertisement: p. [1]-[2] at end. 300 $aItem at reel 516:38 incorrectly identified as Wing T540. 300 $aReproduction of originals in the University of Illinois (Urbana-Champaign Campus). Library and Dr. Williams' Library, London. 330 $aeebo-0216 606 $aFaith 606 $aUnitarianism 615 0$aFaith. 615 0$aUnitarianism. 700 $aTaylor$b Nathanael$fd. 1702.$01007489 801 0$bEAA 801 1$bEAA 801 2$bm/c 801 2$bWaOLN 906 $aBOOK 912 $a996395777203316 996 $aA discourse of the nature and necessity of faith in Jesus Christ$92346608 997 $aUNISA LEADER 01839nam 2200553 450 001 9910671966903321 005 20200620101837.0 010 $a84-1324-613-X 035 $a(CKB)4100000010947755 035 $a(MiAaPQ)EBC6774614 035 $a(OCoLC)1161935020 035 $a(FINmELB)ELB129244 035 $a(EXLCZ)994100000010947755 100 $a20200620d2019 uy 0 101 0 $aspa 135 $aurcnu|||||||| 181 $ctxt$2rdacontent/spa 182 $cc$2rdamedia/spa 183 $acr$2rdacarrier/spa 200 13$aEl fiduciario favorecido con la sustitucio?n fideicomisaria especial /$fRosa Mari?a Moreno Flo?rez 210 1$aMadrid :$cDykinson,$d2019. 215 $a1 recurso en li?nea (206 pa?ginas) 311 $a84-1324-573-7 320 $aContiene bibliografi?a. 606 $aPeople with disabilities$xLegal status, laws, etc$zSpain 606 $aInheritance and succession$zSpain 606 $aTrusts and trustees$zSpain 606 $aFideicommissum$zSpain 606 $aPersonas con discapacidad$xEstatus legal, leyes, etc 606 $aDerecho sucesorio$zEspan?a 606 $aFiducia 606 $aFideicomiso$zEspan?a 608 $aLibros electronicos. 615 0$aPeople with disabilities$xLegal status, laws, etc 615 0$aInheritance and succession 615 0$aTrusts and trustees 615 0$aFideicommissum 615 4$aPersonas con discapacidad$xEstatus legal, leyes, etc. 615 4$aDerecho sucesorio 615 4$aFiducia. 615 4$aFideicomiso 676 $a346.46013 700 $aMoreno Flo?rez$b Rosa Mari?a$01151354 801 0$bFINmELB 801 1$bFINmELB 906 $aBOOK 912 $a9910671966903321 996 $aEl fiduciario favorecido con la sustitucio?n fideicomisaria especial$93042739 997 $aUNINA LEADER 03960oam 2200541 450 001 9910794484903321 005 20230126221849.0 010 $a0-2280-0484-5 010 $a0-2280-0483-7 024 7 $a10.1515/9780228004837 035 $a(CKB)4100000011529619 035 $a(MiAaPQ)EBC6381881 035 $a(DE-B1597)657399 035 $a(DE-B1597)9780228004837 035 $a(EXLCZ)994100000011529619 100 $a20210415d2020 uy 0 101 0 $aeng 135 $aurcnu|||||||| 181 $ctxt$2rdacontent 182 $cc$2rdamedia 183 $acr$2rdacarrier 200 00$aWe still here $ehip hop north of the 49th parallel /$fedited by Charity Marsh and Mark V. Campbell 210 1$aMontreal & Kingston ;$aLondon ;$aChicago :$cMcGill-Queen's University Press,$d[2020] 210 4$dİ2020 215 $a1 online resource (304 pages) 311 1 $a0-2280-0350-4 320 $aIncludes bibliographical references and index. 327 $aForeword / Murray Forman -- Indigenous and diaspora reverberations : Hip hop in Canada and Canadian hop hop : an introduction / Charity Marsh and Mark V. Campbell -- Part one, Remembering, narrating, and archiving hip hop in Canada. Doing the knowledge : digitally archiving hip hop in Canada / Mark V. Campbell. "And you run where you can" : music and memory in three Canadian hip hop videos / Jesse Stewart. Celebration, resistance, and action--Beat Nation: hip hop as indigenous culture / Charity Marsh -- Part two, Representation and belonging. Rapping to and for a multivocal Canada : "Je m'y oppose au nom de toute la nation" / Liz Przybylski. Following the thread : Toronto's place in hip hop dance histories / Mary Fogarty. Exploring the hip hop aural imaginaries of new immigrant and indigenous youth in Winnipeg / Charlotte Fillmore-Handlon. A royal state of mind : an interview with True Daley / Mark V. Campbell -- Part three, Politics, poetics, and potentials. Post-nationalist hip hop : beatmaking and the emergence of the piu piu scene / Alexandrine Boudreault-Fournier and Laurent K. Blais. Last night a DJ saved my life : hip hop, cultural continuity, and First Nations suicidality / Margaret Robinson. Reppin' right : K'naan as diasporic disruption in North American hip hop / Salman A. Rana and Mark V. Campbell. "The hip hop we see, the hip hop we do" : powerful and fierce women in hip hop in Canada / Charity Marsh. 330 $a"We Still Here maps the edges of hip-hop culture and makes sense of the rich and diverse ways people create and engage with hip-hop music within Canadian borders. Contributors to the collection explore the power of institutions, mainstream hegemonies, and the processes of historical formation in the evolution of hip-hop culture. Throughout, the volume foregrounds the generative issues of gender, identity, and power, in particular in relation to the Black diaspora and Indigenous cultures. Exposing the distinct inner mechanics of Canadian hip hop from a variety of perspectives. The contributions of artists in the scene are front and centre in this collection. By amplifying rarely heard voices within hip-hop culture, We Still Here argues for its power to disrupt national formations and highlights the people and communities who make hip hop happen. "--$cProvided by publisher. 606 $aRap (Music)$xSocial aspects$zCanada 606 $aRap (Music)$zCanada$xHistory and criticism 606 $aHip-hop$zCanada 607 $aCanada$2fast 608 $aCriticism, interpretation, etc.$2fast 615 0$aRap (Music)$xSocial aspects 615 0$aRap (Music)$xHistory and criticism. 615 0$aHip-hop 676 $a306.484249 686 $acci1icc$2lacc 702 $aMarsh$b Charity$f1974- 702 $aCampbell$b Mark V. 801 0$bMiAaPQ 801 1$bMiAaPQ 801 2$bUtOrBLW 906 $aBOOK 912 $a9910794484903321 996 $aWe still here$93816035 997 $aUNINA